000 00715nam a22002537a 4500
001 BR6000616
003 BR-BrBNA
005 20230928083034.0
007 ta
008 230509b bl.||||| |||| 00| 0 por d
040 _aBR-BrBNA
_bpor
_cBiblioteca Nacional de Agricultura
041 _a(Por)
072 _aE50
090 _ E50 BR6000616
110 1 _aAssociacao Nordestina de Credito e Assistencia Rural da Paraiba, Joao Pessoa (Brasil)
_9691
245 1 _aCooperativa e Cooperativismo
260 3 _aJoao Pessoa, PB (Brasil):
_c[nd].
300 _a9 p.
500 _aPublished after 1970
650 _aSociologia rural
650 _aCooperativa
909 _a202309
_bLucia
_c55
_dLucia Elande
942 _cBK
999 _c11231
_d11231